| 000 -CABECERA |
| Longitud fija campo de control |
00792nam a22001937a 4500 |
| 003 - IDENTIFICADOR DEL NÚMERO DE CONTROL |
| Identificador del número de control |
OSt |
| 005 - FECHA Y HORA DE LA ÚLTIMA TRANSACCIÓN |
| Fecha y hora de la última transacción |
20130507193540.0 |
| 008 - CÓDIGOS DE INFORMACIÓN DE LONGITUD FIJA |
| Códigos de información de longitud fija |
130507s2006 sp ||||| |||| 00| 0 cat d |
| 040 ## - FUENTE DE LA CATALOGACIÓN |
| Centro transcriptor |
CDMR |
| 245 04 - MENCIÓN DE TÍTULO |
| Título |
Els governs locals i la comunicació pública |
| Resto del título |
: cens dels mitjans públics catalans de comunicació local |
| Mención de responsabilidad, etc. |
direcció, Pere Oriol Costa ; realització, Marta Corcoy i Patricia L. Gómez |
| 260 ## - PUBLICACIÓN, DISTRIBUCIÓN, ETC. (PIE DE IMPRENTA) |
| Lugar de publicación, distribución, etc. |
Bellaterra |
| Nombre del editor, distribuidor, etc. |
Universitat Autònoma de Barcelona |
| Fecha de publicación, distribución, etc. |
2006 |
| 500 ## - NOTA GENERAL |
| Nota general |
Format original: recurs electrònic (CD-ROM) |
| 650 04 - PUNTO DE ACCESO ADICIONAL DE MATERIA - TÉRMINO DE MATERIA |
| 9 (RLIN) |
3110 |
| Término de materia o nombre geográfico como elemento inicial |
Comunicació audiovisual pública |
| Subdivisión geográfica |
Catalunya |
| 650 04 - PUNTO DE ACCESO ADICIONAL DE MATERIA - TÉRMINO DE MATERIA |
| 9 (RLIN) |
2803 |
| Término de materia o nombre geográfico como elemento inicial |
Mitjans de comunicació de massa locals |
| Subdivisión geográfica |
Catalunya |
| 700 1# - PUNTO DE ACCESO ADICIONAL - NOMBRE DE PERSONA |
| 9 (RLIN) |
443 |
| Nombre de persona |
Costa, Pere-Oriol |
| Término indicativo de función |
dir. |
| 700 1# - PUNTO DE ACCESO ADICIONAL - NOMBRE DE PERSONA |
| 9 (RLIN) |
3347 |
| Nombre de persona |
Corcoy, Marta |
| 700 1# - PUNTO DE ACCESO ADICIONAL - NOMBRE DE PERSONA |
| 9 (RLIN) |
3348 |
| Nombre de persona |
Gómez, Patricia L. |
| 942 ## - ENTRADA DE ELEMENTOS AGREGADOS (KOHA) |
| Fuente de clasificaión o esquema |
|
| Koha [por defecto] tipo de item |
Monografies |